Particulars in Greek philosophy : the seventh S.V. Keeling Colloquium in Ancient Philosophy /
Ancient Greek philosophy has been criticised, for example by the late Bernard Williams, for emphasising the universal at the expense of the particular. Six leading scholars consider what the Greeks themselves, from Plato to the period of the Roman Empire, had to say on this issue in the contexts of...
مؤلف مشترك:
مؤلفون آخرون:
التنسيق: وقائع المؤتمر كتاب الكتروني
اللغة: English
منشور في:
Leiden ; Boston :
Brill,
2010.
سلاسل:
Philosophia Antiqua
120.
Philosophia Antiqua Online, ISBN: 9789004319752.
الموضوعات:
الوصول للمادة أونلاين: Login to view Source
الوسوم: إضافة وسم
رقم الطلب: B187.I48 S95 2010
| LEADER | 03342nam a2200517 i 4500 | ||
|---|---|---|---|
| 001 | BRILL9789004193246 | ||
| 003 | nllekb | ||
| 005 | 20230529212316.0 | ||
| 006 | m d | ||
| 007 | cr un uuuua | ||
| 008 | 090902s2010 ne ao sb 101 0 eng | ||
| 010 | |a 2009036653 | ||
| 020 | |a 9789004193246 |q (electronic book) | ||
| 020 | |z 9789004181267 |q (print) | ||
| 024 | 7 | |a 10.1163/ej.9789004181267.i-192 |2 DOI | |
| 035 | |a (OCoLC)436945994 | ||
| 040 | |a NL-LeKB |c NL-LeKB |e rda | ||
| 050 | 4 | |a B187.I48 |b S95 2010 | |
| 082 | 0 | 4 | |a 180 |2 22 |
| 111 | 2 | |a S.V. Keeling Colloquium in Ancient Philosophy |n (7th : |d 2007 : |c University College London) | |
| 245 | 1 | 0 | |a Particulars in Greek philosophy : |b the seventh S.V. Keeling Colloquium in Ancient Philosophy / |c edited by Robert W. Sharples. |
| 264 | 1 | |a Leiden ; |a Boston : |b Brill, |c 2010. | |
| 300 | |a 1 online resource. | ||
| 336 | |a text |b txt |2 rdacontent | ||
| 337 | |a computer |b c |2 rdamedia | ||
| 338 | |a online resource |2 rdacarrier | ||
| 490 | 1 | |a Philosophia antiqua, |x 0079-1687 ; |v v. 120 | |
| 490 | 0 | |a Brill ebook titles | |
| 500 | |a Papers presented at the 7th S.V. Keeling Colloquium, held in November, 2007, at University College London. | ||
| 504 | |a Includes bibliographical references and indexes. | ||
| 505 | 0 | 0 | |t Preliminary Material / |r R. Sharples -- |t Chapter One. Moral Vision And Legislating For The Good In Aristotle / |r Robert Wardy -- |t Chapter Two. Particular Virtues In The Nicomachean Ethics Of Aristotle / |r Carlo Natali -- |t Chapter Three. What's A Particular, And What Makes It So? Some Thoughts, Mainly About Aristotle / |r Verity Harte -- |t Chapter Four. Particulars, Selves And Individuals In Stoic Philosophy / |r Christopher Gill -- |t Chapter Five. On Christopher Gill On \'Particulars, Selves And Individuals In Stoic Philosophy\' / |r Angela Hobbs -- |t Chapter Six. Alexander Of Aphrodisias On Particulars And The Stoic Criterion Of Identity / |r Marwan Rashed -- |t Index Of Passages Cited / |r R. Sharples -- |t General Index / |r R. Sharples. |
| 506 | |a Available to subscribing member institutions only. | ||
| 520 | |a Ancient Greek philosophy has been criticised, for example by the late Bernard Williams, for emphasising the universal at the expense of the particular. Six leading scholars consider what the Greeks themselves, from Plato to the period of the Roman Empire, had to say on this issue in the contexts of ethics, psychology, metaphysics and cosmology. Ancient views are compared with modern ones, and the influence of the former on the latter is considered. | ||
| 559 | 4 | |a B187.I48 S95 2010 | |
| 600 | 0 | 0 | |a Aristotle |v Congresses. |
| 650 | 0 | |a Individuation (Philosophy) |x History |v Congresses. | |
| 650 | 0 | |a Ethics, Ancient |v Congresses. | |
| 650 | 0 | |a Stoics |v Congresses. | |
| 700 | 1 | |a Sharples, R. W. | |
| 776 | 0 | 8 | |i Print version: |t Particulars in Greek Philosophy: The seventh S.V. Keeling Colloquium in Ancient Philosophy |d Leiden, Boston : BRILL, 2010, |z 9789004181267 |
| 830 | 0 | |a Philosophia Antiqua |v 120. | |
| 830 | 0 | |a Philosophia Antiqua Online, ISBN: 9789004319752. | |
| 856 | 4 | |z DOI: |u http://dx.doi.org/10.1163/ej.9789004181267.i-192 | |
| 942 | |2 lcc |c EBOOK | ||
| 952 | |0 0 |1 0 |2 lcc |4 0 |6 B0187 I48 S95 02010 |7 1 |9 48740 |a BRILL |b BRILL |d 2023-05-29 |l 0 |o B187.I48 S95 2010 |r 2023-05-29 00:00:00 |w 2023-05-29 |y EBOOK | ||
| 999 | |c 54084 |d 54084 | ||
